000 00752nam a2200217 i 4500
001 39475
003 ES-MaACL
005 20230906160008.0
007 t|
008 030303s1970 sp ||||1| spa d
100 1 _aCano, José Luis,
_d1912-1999
_934532
245 1 3 _aLa poesía de la generación del 27 /
_cJosé Luis Cano.
260 _aMadrid :
_bGuadarrama,
_c1970.
300 _a290 p. ;
_c18 cm.
490 1 _aColección universitaria de bolsillo "Punto omega" ;
_v87
650 _aGeneración del 27 (Literatura)
_913050
650 4 _aPoesía española-
_yS.XX-
_xHistoria y crítica.
_916167
830 1 _aColección universitaria de bolsillo "Punto omega" ;
_v87
_9181409
852 _aES-MaACL
_jC-40662
999 _c39475
_d39475